A real choice for tenants? (Record no. 108689)

MARC details
000 -LEADER
fixed length control field 01834cad a22002775a 4500
001 - CONTROL NUMBER
control field L145082
008 - FIXED-LENGTH DATA ELEMENTS--GENERAL INFORMATION
fixed length control field 080904s2008 xxkdo f 000 0 eng d
035 ## - SYSTEM CONTROL NUMBER
System control number (Sirsi) u145082
041 0# - LANGUAGE CODE
Language code of text/sound track or separate title eng
050 04 - LIBRARY OF CONGRESS CALL NUMBER
Classification number 306.52 $2 18
100 1# - MAIN ENTRY--PERSONAL NAME
Personal name Duggan, Gemma
245 02 - TITLE STATEMENT
Title A real choice for tenants?
Medium [electronic resource]
260 ## - PUBLICATION, DISTRIBUTION, ETC.
Place of publication, distribution, etc. London
Name of publisher, distributor, etc. Housing Corporation
Date of publication, distribution, etc. 2008
505 2# - FORMATTED CONTENTS NOTE
Formatted contents note Clarity around choice -- deconstructing housing associations? -- a model for OFTENANT to develop choices for tenants? -- developing information and support for tenants making choices
505 2# - FORMATTED CONTENTS NOTE
Formatted contents note Appendices: previous experience of choice of provider in the social housing sector; the position re. VAT on management agreements; Cave's view of choice; comparing social housing and the utilities sector; research methods; contributors to the research
520 ## - SUMMARY, ETC.
Summary, etc. Research responds to the Cave Review of Social Housing Regulation and investigates the matter of provider choice in social housing. The focus on choice and competition could bring about real change to both the regulator and the sector as a whole and the authors seek to explore how tenants might be given an element of control over their provider. Highlights the fact that 93% of tenants polled would like more choice over their housing aspirations and that 57% of tenants believe that they have next to no choice under current arrangements.
521 ## - TARGET AUDIENCE NOTE
Target audience note Advanced
590 ## - LOCAL NOTE (RLIN)
Local note KA
650 24 - SUBJECT ADDED ENTRY--TOPICAL TERM
Topical term or geographic name entry element CAVE REVIEW OF SOCIAL HOUSING REGULATION
651 #4 - SUBJECT ADDED ENTRY--GEOGRAPHIC NAME
Geographic name England and Wales
Chronological subdivision 1543-
690 ## - LOCAL SUBJECT ADDED ENTRY--TOPICAL TERM (OCLC, RLIN)
Topical term or geographic name as entry element PROPERTY-RESIDENTIAL PROPERTY-RESIDENTIAL LANDLORD AND TENANT
700 1# - ADDED ENTRY--PERSONAL NAME
Personal name Lomax, Angela
700 1# - ADDED ENTRY--PERSONAL NAME
Personal name Lupton, Mark
856 40 - ELECTRONIC LOCATION AND ACCESS
Uniform Resource Identifier <a href="https://www.housingcorp.gov.uk/server/show/ConWebDoc.14899/changeNav/440">https://www.housingcorp.gov.uk/server/show/ConWebDoc.14899/changeNav/440</a>
Public note View the item free of charge online at www.housingcorp.gov.uk...
942 ## - ADDED ENTRY ELEMENTS (KOHA)
Suppress in OPAC 0
Holdings
Withdrawn status Lost status Source of classification or shelving scheme Damaged status Not for loan Home library Current library Shelving location Date acquired Total Checkouts Full call number Barcode Date last seen Copy number Price effective from Koha item type
    Dewey Decimal Classification     Virtual Virtual Online 04/09/2008   ONLINE PUBLICATION 145082-1001 06/08/2019 1 06/08/2019 Book